000 01009nam0a22002531 4500
001 rc\2297668
005 20260407121919.0
035 _a(NLR Aleph) 006568195
090 _a6916371
_c6916371
100 _a20110829d1977 |||y0rusy50 ca
101 0 _arus
102 _aRU
105 _aa b |||||
200 1 _aДизели M. A. N. типа KZ 57/80 и KZ 70/120
_eКаталог резино-техн. изделий. 10003
_fБалт. центр. проектно-конструкт. бюро с эксперим. (опыт.) производством
210 _a[Ленинград]
_cБ. и.
_d1977
215 _a103 с.
_cчерт.
_d20х28
712 0 2 _aБалтийское центральное проектно-конструкторское бюро
_cЛенинград
_3RU\NLR\AUTH\8810070723
_9643192
801 0 _aRU
_bNLR
_gpsbo
801 1 _aRU
_bELAR
_2rusmarc
852 _aNLR
_jПт 14.3/199
899 _aRuMoRGB
_jБ Фол-30/92
899 _aRuMoRGB
_jСВТ
942 _cBOOK
980 _aNB